Tablice rejestracyjne miast / powiatów w woj. podlaskim - Statystyki

Ogólne statystyki
  • Ten quiz został rozwiązany 883 razy
  • Średni wynik to 16 z 17
Statystyki odpowiedzi
Miasto / powiat Rejestracja % Poprawnych
Białystok BI
100%
Suwałki BS
99%
Łomża BL
98%
powiat augustowski BAU
97%
powiat grajewski BGR
96%
powiat hajnowski BHA
96%
powiat białostocki BIA
96%
powiat siemiatycki BSI
96%
powiat suwalski BSU
96%
powiat zambrowski BZA
96%
powiat kolneński BKL
95%
powiat sejneński BSE
95%
powiat sokólski BSK
95%
powiat wysokomazowiecki BWM
95%
powiat moniecki BMN
94%
powiat bielski BBI
93%
powiat łomżyński BLM
93%
Nie znaleziono quizów pasujących do podanych kryteriów
Rozkład punktacji
Procent ludzi z każdym wynikiem
Percentyl według liczby udzielonych odpowiedzi
Twoja historia wyników
Nie rozwiązałeś tego quizu